Т. 1; 50 лекций по микроэкономике

Бібліографічні деталі
Parent link:50 лекций по микроэкономике: учебник для вузов. Т. 1.— , 2000
Мова:Російська
Опубліковано: 2000
Предмети:
Формат: MixedMaterials Книга
KOHA link:https://koha.lib.tpu.ru/cgi-bin/koha/opac-detail.pl?biblionumber=30953

MARC

LEADER 00000nam2a2200000 4500
001 30953
005 20231030204219.0
010 |a 5900428516 
035 |a (RuTPU)RU\TPU\book\31229 
035 |a BOOK00000016 
090 |a 30953 
100 |a 20011209d2000 m y0rusy50 ca 
101 0 |a rus 
102 |a RU 
105 |a a j 000zy 
200 0 |a Т. 1 
210 |d 2000 
215 |a 624 с.  |c ил. 
461 1 |0 (RuTPU)RU\TPU\book\14960  |t 50 лекций по микроэкономике  |o учебник для вузов  |o в 2 т.  |v Т. 1  |d 2000  |s Библиотека экономической школы ; Вып. 28 
610 1 |a экономика 
610 1 |a теория 
610 1 |a история 
610 1 |a анализ 
610 1 |a спрос 
610 1 |a предложение 
610 1 |a потребление 
610 1 |a фирмы 
610 1 |a рыночные структуры 
610 1 |a производство 
610 1 |a благосостояние 
610 1 |a микроэкономика 
686 |a У012.1я73  |v LBC/SL-A  |2 rubbk 
801 0 |a RU  |b 63413507  |c 20011209  |g PSBO 
801 2 |a RU  |b 63413507  |c 20120406  |g PSBO 
942 |c BK